000 00775nam a2200265Ia 4500
003 OSt
005 20220925232816.0
006 a|||||r|||| 00| 0
007 ta
008 220923b |||||||| |||| 00| 0 eng d
020 _a0471345229
037 _cGeneral Book
040 _aRTL
_cRTL
_beng
041 _2eng
_aeng
082 _aU:(G:55), P2
100 _aGrossa John
_9270563
245 0 _aEnvironmental geography
_b Science land use and ea
250 _aEd 2
260 _aNew York
_bJohn Wiely
_c2002
300 _a440p Bibliography: P 413-19
_ccm.
650 _aGeography irt Environment
_9230029
700 _a Marsh William M
_9270562
942 _hU:(G:55), P2
_cGB
_2CC
999 _c592171
_d592171